000 01092nam a22003137a 4500
003 CHAP
005 20220329141104.0
008 971013s1996 r 00010 d
010 _a62425
011 _a63397
035 _a67573
040 _cCHAP
082 _a362.292
_bM4
100 0 0 _aMenéndez, Eduardo L.
_974831
245 _aDe algunos alcoholismos y algunos saberes
_b: atención primaria y proceso de alcoholización
260 _aMéxico, D. F. :
_bCentro de Investigaciones y Estudios Superiores en Antropología Social,
_c1996
300 _a328 p.
490 _aColección Miguel Othón de Mendizábal
590 _aBATCH-UPD
_b10
_c20130110
_lUCH01
_h0811
590 _aBATCH-UPD
_b10
_c20130410
_lUCH01
_h0448
590 _aBATCH-UPD
_b10
_c20130914
_lUCH01
_h1159
590 _aCONVERSION
_b10
_c20130109
_lUCH01
_h1334
650 1 4 _aAlcoholismo.
_93658
700 0 _aDi Pardo, Renée B.
_932379
830 0 _aColección Miguel Othón de Mendizábal
_924926
901 _aBK
942 _cLIBRO
949 _a362.292 M4
_bBC
_cLIBRO
_d33724000680203
_eLIBRO
_h680203
_i67573
_mD
_si
999 _c62425
_d62425